Ship - Building and Navigation in the Indian Ocean Region (AD 1400 - 1800) (Record no. 9596)

000 -LEADER
fixed length control field 00342nam a2200109Ia 4500
008 - FIXED-LENGTH DATA ELEMENTS--GENERAL INFORMATION
fixed length control field 201231s9999 xx 000 0 und d
100 ## - MAIN ENTRY--PERSONAL NAME
Personal name Mathew, K. S.(Ed.)
245 #0 - TITLE STATEMENT
Title Ship - Building and Navigation in the Indian Ocean Region (AD 1400 - 1800)
260 ## - PUBLICATION, DISTRIBUTION, ETC.
Place of publication, distribution, etc. New Delhi
Name of publisher, distributor, etc. Munshiram Manoharlal Publishers Pvt. Ltd.
300 ## - PHYSICAL DESCRIPTION
Extent 179
942 ## - ADDED ENTRY ELEMENTS (KOHA)
Koha item type Books
Holdings
Withdrawn status Lost status Damaged status Not for loan Permanent Location Date acquired Full call number Barcode Date last seen Price effective from Koha item type
        IMU Kolkata 2020-12-31 623.8209824 M428 PM05070 2020-12-31 2020-12-31 Books
Designed and Maintained by IMU-KC Library, Kolkata Campus © Copyright All Rights Reserved

webs counters

Powered by Koha